• 首页
  • 本馆介绍
  • 公告通知
  • 最新文献
  • 馆藏检索
  • 电子资源
  • 读者导购
  • 参考咨询
  • 我的图书馆
  • 登录
  • 详细信息显示
  • 放入我的书架
  • 预约/预借图书
  • 作者相关作品
  • 分类相关作品
  • 丛书相关作品
  • 出版社相关作品

书目信息

  • 表格格式
  • 工作单格式
  • 卡片格式
题名:
论联合政府
    
 
作者: 毛泽东 撰
分册:  
出版信息: 北京   人民出版社  1953
页数: 88页
开本: 19cm
丛书名:
单 册:
中图分类: A424
科图分类:
主题词: 毛泽东著作--单行本--1945
电子资源:
ISBN: 1001.51
000 00698nam0 2200253 450
001 0105401407
005 20130904140832.0
010    @a1001.51@dCNY0.20
091    @a1001.51@dCNY0.20
100    @a20021005d1953 em y0chiy0110 ea
101 0  @achi
102    @aCN@b110000
105    @ay z 000yy
106    @ar
200 1  @a论联合政府@9Lun Lian He;Ge Zheng Fu @f毛泽东撰@b专著
205    @a2版
210    @a北京@c人民出版社@d1953@e南昌@h1960印
215    @a88页@d19cm
500 10 @a论联合政府@9lun lian he zheng fu
606 0  @a毛泽东著作@x单行本@z1945
690    @aA424@v3
701  0 @a毛泽东@f(1893~1976)@9mao ze dong@4撰
801  0 @aCN@bAiZhiMarc
905    @aBZT@dA424@e1@f1@sA424/1
    
    论联合政府/毛泽东撰.-2版.-北京:人民出版社,1953(南昌,1960印)
    88页;19cm
    
    
    ISBN 1001.51:CNY0.20
    
●
相关链接 在五车中查询图书 在当当中查询图书 在豆瓣中查询图书


正题名:论联合政府     索取号:A424/1         预约/预借

序号 登录号 条形码 馆藏地/架位号 状态 备注
1 2000104702   2000104702   旧书回溯/ [索取号:A424/1] 在馆    
山东省滨州职业学院图书馆 欢迎您!
大连网信软件有限公司© 版权所有